[Event "European Seniors Teams Ch."]
[Site "Olympus"]
[Date "2011.05.05"]
[Round "3"]
[Board "1"]
[White "Baumbach, Friedrich Dr"]
[Black "Stimpson, Philip M"]
[Result "1-0"]
[WhiteElo "2283"]
[BlackElo "2095"]
[PlyCount "134"]
[EventDate "2011.05.03"]
[EventType "team"]
[EventRounds "9"]
[EventCountry "GRE"]
[WhiteTeam "Stiftung BSW DBAG 1"]
[BlackTeam "England 3"]

1.d4 Nf6 2.Nf3 e6 3.c4 Bb4+ 4.Bd2 Qe7 5.g3 O-O 6.Bg2 Bxd2+ 7.Qxd2 d6 8.Nc3 e5
9.e4 Re8 10.O-O Bg4 11.d5 Bxf3 12.Bxf3 c5 13.Bg2 Nbd7 14.f4 h5 15.Rae1 a6 16.a4
b6 17.f5 Nh7 18.h4 Ndf6 19.Bf3 Ng4 20.Bxg4 hxg4 21.Qe2 Nf6 22.Nd1 Qd7 23.Nc3 Kf8
24.b3 Ke7 25.Qb2 Rec8 26.Kg2 Rab8 27.Rh1 Rh8 28.Qd2 Rh5 29.Rb1 Qc8 30.Qe2 Qh8
31.b4 cxb4 32.Rxb4 Qc8 33.Rhb1 Qc5 34.Qf2 Nd7 35.Qxc5 dxc5 36.R4b2 Rhh8 37.Nd1
Rbg8 38.Ne3 g6 39.fxg6 Rxg6 40.Nf5+ Kd8 41.a5 Kc7 42.d6+ Kb7 43.Rxb6+ Nxb6
44.Rxb6+ Ka7 45.Ne7 Re6 46.Nc6+ Ka8 47.Rxa6+ Kb7 48.Rb6+ Ka8 49.a6 Rxd6 50.a7
Rxc6 51.Rxc6 Rd8 52.Rxc5 Rd2+ 53.Kf1 Rd3 54.Kf2 Rf3+ 55.Kg2 Rc3 56.Rxe5 Rc2+
57.Kf1 Rxc4 58.Rf5 Rxe4 59.Rxf7 Re3 60.Kf2 Ra3 61.Rg7 Ra2+ 62.Ke3 Ra4 63.Rg6 Rb4
64.h5 Rb5 65.h6 Rh5 66.Kf4 Kxa7 67.Kxg4 Rh1 1-0

[Event "European Seniors Teams Ch."]
[Site "Olympus"]
[Date "2011.05.05"]
[Round "3"]
[Board "2"]
[White "Farrand, Julian T"]
[Black "Kugelmann, Werner"]
[Result "1-0"]
[WhiteElo "2086"]
[BlackElo "2226"]
[PlyCount "70"]
[EventDate "2011.05.03"]
[EventType "team"]
[EventRounds "9"]
[EventCountry "GRE"]
[WhiteTeam "England 3"]
[BlackTeam "Stiftung BSW DBAG 1"]

1.d4 Nf6 2.Nc3 d5 3.Bg5 Bf5 4.Bxf6 exf6 5.e4 dxe4 6.Qe2 c6 7.g4 Be6 8.O-O-O Be7
9.Qxe4 Bd5 10.Nxd5 cxd5 11.Qf3 Nc6 12.Bg2 Qc7 13.Ne2 O-O 14.Nc3 Bd6 15.Nxd5 Qa5
16.Kb1 Rfd8 17.h4 Nb4 18.Nxb4 Bxb4 19.Qb3 Bf8 20.f4 Rd6 21.g5 Rb6 22.Qd3 Ba3
23.b3 Rd8 24.Be4 Bb4 25.c4 Bc3 26.Qc2 Bxd4 27.Bd5 Qc5 28.Qd3 Be3 29.Bxf7+ Kxf7
30.Qxd8 Qf5+ 31.Qd3 Qxd3+ 32.Rxd3 Bxf4 33.gxf6 gxf6 34.Rd7+ Ke6 35.Rxh7 a5 1-0

[Event "European Seniors Teams Ch."]
[Site "Olympus"]
[Date "2011.05.05"]
[Round "3"]
[Board "3"]
[White "Hollstein, Joachim"]
[Black "Edwards, Ray B"]
[Result "1/2-1/2"]
[WhiteElo "2075"]
[BlackElo "2017"]
[PlyCount "53"]
[EventDate "2011.05.03"]
[EventType "team"]
[EventRounds "9"]
[EventCountry "GRE"]
[WhiteTeam "Stiftung BSW DBAG 1"]
[BlackTeam "England 3"]

1.d4 d5 2.Nf3 e6 3.Nbd2 Nf6 4.e3 c5 5.c3 Nc6 6.Bd3 Bd6 7.O-O O-O 8.Re1 b6 9.e4
dxe4 10.Nxe4 Be7 11.dxc5 bxc5 12.Qe2 Bb7 13.Bf4 Qb6 14.Nfg5 Nxe4 15.Bxe4 Bxg5
16.Bxg5 Qc7 17.Rad1 Ne7 18.Rd3 Ng6 19.Rh3 Bxe4 20.Qxe4 Rfe8 21.Qg4 f6 22.Bc1 Nf8
23.Rg3 Qf7 24.Bh6 Ng6 25.h4 gxh6 26.h5 Kg7 27.Rd1 1/2-1/2

[Event "European Seniors Teams Ch."]
[Site "Olympus"]
[Date "2011.05.05"]
[Round "3"]
[Board "4"]
[White "Wood, Peter C"]
[Black "Mai, Hartmut"]
[Result "1-0"]
[WhiteElo "1879"]
[BlackElo "1936"]
[PlyCount "35"]
[EventDate "2011.05.03"]
[EventType "team"]
[EventRounds "9"]
[EventCountry "GRE"]
[WhiteTeam "England 3"]
[BlackTeam "Stiftung BSW DBAG 1"]

1.Nf3 Nf6 2.c4 c6 3.d4 d5 4.Qb3 dxc4 5.Qxc4 Bf5 6.Nc3 e6 7.g3 Nbd7 8.Bg2 Bd6
9.O-O O-O 10.Re1 e5 11.e4 Bg4 12.Be3 Qe7 13.dxe5 Bxe5 14.Nxe5 Nxe5 15.Qc5 Qe6
16.Rf1 Nf3+ 17.Kh1 Nd2 18.Bxd2 {57 moves} 1-0

[Event "European Seniors Teams Ch."]
[Site "Olympus"]
[Date "2011.05.06"]
[Round "4"]
[Board "1"]
[White "Tatai, Stefano"]
[Black "Sorensen, Bent"]
[Result "1-0"]
[WhiteElo "2361"]
[BlackElo "2343"]
[PlyCount "75"]
[EventDate "2011.05.03"]
[EventType "team"]
[EventRounds "9"]
[EventCountry "GRE"]
[WhiteTeam "Italy"]
[BlackTeam "Denmark 1"]

1.e4 d5 2.exd5 Qxd5 3.Nc3 Qd6 4.d4 Nf6 5.Bc4 a6 6.Nf3 b5 7.Bd3 Bb7 8.Qe2 Nbd7
9.Ne4 Qb6 10.a4 bxa4 11.c4 e6 12.O-O Be7 13.Nc3 O-O 14.d5 Nc5 15.Nxa4 Nxa4
16.Rxa4 Bc5 17.b4 Bxb4 18.Be3 Qd6 19.Rxb4 Qxb4 20.Rb1 Qd6 21.Rxb7 exd5 22.c5 Qc6
23.Qb2 Ne4 24.Ne5 Qa4 25.Bc2 Qa5 26.Qc1 Rfe8 27.Nc6 Qa2 28.Bb3 Qe2 29.Bxd5 Nc3
30.Nd4 Qd3 31.Bf3 Rad8 32.Rb3 Rb8 33.Rxc3 Rb1 34.Rxd3 Rxc1+ 35.Rd1 Rxc5 36.Nc6
Rc2 37.Ra1 f5 38.h4 1-0

[Event "European Seniors Teams Ch."]
[Site "Olympus"]
[Date "2011.05.06"]
[Round "4"]
[Board "2"]
[White "Sloth, Jorn"]
[Black "Mariotti, Sergio"]
[Result "1-0"]
[WhiteElo "2310"]
[BlackElo "2329"]
[PlyCount "46"]
[EventDate "2011.05.03"]
[EventType "team"]
[EventRounds "9"]
[EventCountry "GRE"]
[WhiteTeam "Denmark 1"]
[BlackTeam "Italy"]

1.Nf3 Nf6 2.g3 g6 3.b3 Bg7 4.Bb2 O-O 5.Bg2 d6 6.d4 a5 7.Nc3 c6 8.O-O b5 9.a4 b4
10.Nb1 Nbd7 11.Nbd2 Ba6 12.Re1 Re8 13.e4 Nb6 14.c4 e5 15.Qc2 Nbd7 16.Rad1 c5
17.dxe5 dxe5 18.Nf1 Qc7 19.Ne3 Bb7 20.Nd5 Nxd5 21.exd5 Qd6 22.Ng5 Nf8 23.f4 f5 1-0

[Event "European Seniors Teams Ch."]
[Site "Olympus"]
[Date "2011.05.06"]
[Round "4"]
[Board "3"]
[White "Micheli, Carlo"]
[Black "Brinck-Claussen, Bjorn"]
[Result "1/2-1/2"]
[WhiteElo "2258"]
[BlackElo "2271"]
[PlyCount "55"]
[EventDate "2011.05.03"]
[EventType "team"]
[EventRounds "9"]
[EventCountry "GRE"]
[WhiteTeam "Italy"]
[BlackTeam "Denmark 1"]

1.e4 c5 2.Nf3 e6 3.c4 Nc6 4.Nc3 e5 5.g3 d6 6.h3 g6 7.d3 Bg7 8.Bg2 Nge7 9.O-O O-O
10.a3 a5 11.Ne1 Bd7 12.Rb1 Qc8 13.Kh2 f5 14.f4 fxe4 15.dxe4 Nd4 16.Nc2 a4 17.Ne3
exf4 18.gxf4 Qd8 19.Ned5 Nxd5 20.Nxd5 b5 21.cxb5 Bxb5 22.Rf2 Bc6 23.Nc3 Ra7
24.Be3 Qa8 25.Qg4 Qe8 26.Re1 Re7 27.Qg3 Kh8 28.Rd2 1/2-1/2

[Event "European Seniors Teams Ch."]
[Site "Olympus"]
[Date "2011.05.06"]
[Round "4"]
[Board "4"]
[White "Jorgensen, Jorgen"]
[Black "Rosino, Antonio"]
[Result "1/2-1/2"]
[WhiteElo "2221"]
[BlackElo "2248"]
[PlyCount "48"]
[EventDate "2011.05.03"]
[EventType "team"]
[EventRounds "9"]
[EventCountry "GRE"]
[WhiteTeam "Denmark 1"]
[BlackTeam "Italy"]

1.c4 e5 2.g3 Nf6 3.Bg2 c6 4.d4 exd4 5.Qxd4 d5 6.cxd5 cxd5 7.Nf3 Nc6 8.Qa4 Bc5
9.O-O O-O 10.Bg5 h6 11.Bxf6 Qxf6 12.Nc3 Be6 13.Rfd1 Rfd8 14.Rac1 Bb6 15.Qb5 d4
16.Na4 Rd5 17.Qd3 Rad8 18.Nxb6 axb6 19.Nd2 Bf5 20.Qb3 Na5 21.Qb4 R5d7 22.Nb3
Nxb3 23.Qxb3 d3 24.exd3 Rxd3 1/2-1/2

[Event "European Seniors Teams Ch."]
[Site "Olympus"]
[Date "2011.05.06"]
[Round "4"]
[Board "1"]
[White "Vasiukov, Evgeni"]
[Black "Uhlmann, Wolfgang"]
[Result "1-0"]
[WhiteElo "2480"]
[BlackElo "2389"]
[PlyCount "77"]
[EventDate "2011.05.03"]
[EventType "team"]
[EventRounds "9"]
[EventCountry "GRE"]
[WhiteTeam "Russia"]
[BlackTeam "Germany"]

1.f4 d5 2.g3 Nf6 3.Bg2 c5 4.c4 Nc6 5.Na3 g6 6.cxd5 Nxd5 7.Qb3 e6 8.Nf3 Bg7 9.O-O
O-O 10.d3 b6 11.Bd2 Bb7 12.Nc4 Qc7 13.Rac1 Rfd8 14.Kh1 Rac8 15.a4 Ba8 16.Rfd1
Qb8 17.e3 Ndb4 18.d4 Na6 19.Bc3 cxd4 20.exd4 Nc7 21.Qc2 Nd5 22.Qd2 Nce7 23.Nce5
Nf5 24.Re1 h6 25.Kg1 Bb7 26.g4 Nd6 27.h4 Qa8 28.h5 gxh5 29.gxh5 Nf6 30.Kh2 Nxh5
31.Rg1 Ne4 32.Qe3 f6 33.Bh3 Re8 34.Bg4 Nxc3 35.Bxh5 Nd5 36.Rxg7+ Kxg7 37.Qg1+
Kf8 38.Qg6 Ke7 39.Qf7+ 1-0

[Event "European Seniors Teams Ch."]
[Site "Olympus"]
[Date "2011.05.06"]
[Round "4"]
[Board "2"]
[White "Hecht, Hans-Joachim"]
[Black "Shvedchikov, Anatoli I"]
[Result "1/2-1/2"]
[WhiteElo "2377"]
[BlackElo "2412"]
[PlyCount "28"]
[EventDate "2011.05.03"]
[EventType "team"]
[EventRounds "9"]
[EventCountry "GRE"]
[WhiteTeam "Germany"]
[BlackTeam "Russia"]

1.d4 d5 2.c4 c6 3.Nf3 Nf6 4.e3 Bg4 5.h3 Bxf3 6.Qxf3 e6 7.a3 a6 8.Bd3 b5 9.b3
Nbd7 10.Nc3 b4 11.axb4 Bxb4 12.Bd2 O-O 13.O-O a5 14.Rfd1 Qe7 1/2-1/2

[Event "European Seniors Teams Ch."]
[Site "Olympus"]
[Date "2011.05.06"]
[Round "4"]
[Board "3"]
[White "Mishuchkov, Nikolai M"]
[Black "Klundt, Klaus"]
[Result "1/2-1/2"]
[WhiteElo "2403"]
[BlackElo "2379"]
[PlyCount "52"]
[EventDate "2011.05.03"]
[EventType "team"]
[EventRounds "9"]
[EventCountry "GRE"]
[WhiteTeam "Russia"]
[BlackTeam "Germany"]

1.d4 d5 2.Nf3 Nf6 3.c4 c6 4.e3 e6 5.Bd3 Nbd7 6.Nbd2 Be7 7.O-O O-O 8.b3 b6 9.Bb2
Bb7 10.Rc1 c5 11.Qe2 a5 12.Rfd1 a4 13.Bb1 axb3 14.axb3 Qb8 15.Ne5 Rd8 16.cxd5
Bxd5 17.e4 Bb7 18.Nxd7 Nxd7 19.d5 exd5 20.exd5 Bf6 21.Nc4 Bxb2 22.Qxb2 Qf4
23.Qc3 Ra6 24.Qg3 Qxg3 25.hxg3 Nf6 26.d6 b5 1/2-1/2

[Event "European Seniors Teams Ch."]
[Site "Olympus"]
[Date "2011.05.06"]
[Round "4"]
[Board "4"]
[White "Werner, Clemens"]
[Black "Chernikov, Oleg L"]
[Result "1/2-1/2"]
[WhiteElo "2344"]
[BlackElo "2430"]
[PlyCount "88"]
[EventDate "2011.05.03"]
[EventType "team"]
[EventRounds "9"]
[EventCountry "GRE"]
[WhiteTeam "Germany"]
[BlackTeam "Russia"]

1.e4 c5 2.c3 Nf6 3.e5 Nd5 4.d4 cxd4 5.Nf3 e6 6.cxd4 b6 7.Nc3 Bb7 8.Bd3 Na6
9.Nxd5 Bxd5 10.a3 Nc7 11.O-O Qc8 12.Ng5 Qb7 13.Qh5 g6 14.Qg4 Be7 15.f3 h5 16.Qg3
Rg8 17.h4 Bc6 18.Ne4 Qc8 19.Bg5 Bxe4 20.Bxe4 Bxg5 21.Qxg5 Rb8 22.Rac1 Qd8
23.Rfd1 Qxg5 24.hxg5 Nd5 25.Bxd5 exd5 26.Rc7 a5 27.Rdc1 Ke7 28.Kf2 Ke6 29.f4 a4
30.Ra7 Ra8 31.Rb7 Rab8 32.Rcc7 Rgc8 33.Rxc8 Rxc8 34.Rxb6+ Ke7 35.g4 hxg4 36.Kg3
Rc4 37.Kxg4 Rxd4 38.Kf3 Rd3+ 39.Ke2 Rh3 40.Ra6 Rb3 41.Rxa4 Rxb2+ 42.Ke3 Ke6
43.Ra6+ Ke7 44.a4 Rb4 1/2-1/2

[Event "European Seniors Teams Ch."]
[Site "Olympus"]
[Date "2011.05.06"]
[Round "4"]
[Board "1"]
[White "Rantanen, Yrjo A"]
[Black "Ivanovic, Bozidar"]
[Result "1-0"]
[WhiteElo "2373"]
[BlackElo "2409"]
[PlyCount "80"]
[EventDate "2011.05.03"]
[EventType "team"]
[EventRounds "9"]
[EventCountry "GRE"]
[WhiteTeam "Finland 1"]
[BlackTeam "Montenegro"]

1.e4 c5 2.Nf3 d6 3.d4 cxd4 4.Nxd4 Nf6 5.Nc3 Nc6 6.Bg5 e6 7.Qd2 a6 8.O-O-O Bd7
9.f4 Be7 10.Nf3 b5 11.a3 O-O 12.Kb1 Qb6 13.Bd3 b4 14.axb4 Nxb4 15.e5 dxe5
16.fxe5 Nfd5 17.Nxd5 Nxd5 18.Bxe7 Nxe7 19.Bxh7+ Kxh7 20.Qxd7 Nd5 21.Rd3 Rac8
22.Rb3 Qf2 23.Rc1 Qxg2 24.Qa4 Kg8 25.Qh4 Qg6 26.Ng5 Qh6 27.Qxh6 gxh6 28.Rg1 Rfe8
29.Ne4+ Kh7 30.c4 Rxc4 31.Nd6 Rec8 32.Rbg3 R4c7 33.Rg7+ Kh8 34.Nxf7+ Rxf7
35.Rxf7 a5 36.Rg6 a4 37.Rxh6+ Kg8 38.Rhh7 Rc4 39.Rfg7+ Kf8 40.Ra7 Kg8 1-0

[Event "European Seniors Teams Ch."]
[Site "Olympus"]
[Date "2011.05.06"]
[Round "4"]
[Board "2"]
[White "Zivkovic, Ljubo"]
[Black "Westerinen, Heikki M J"]
[Result "1/2-1/2"]
[WhiteElo "2270"]
[BlackElo "2350"]
[PlyCount "25"]
[EventDate "2011.05.03"]
[EventType "team"]
[EventRounds "9"]
[EventCountry "GRE"]
[WhiteTeam "Montenegro"]
[BlackTeam "Finland 1"]

1.c4 c6 2.Nf3 d5 3.cxd5 cxd5 4.d4 Nf6 5.Nc3 Nc6 6.g3 Bf5 7.Bg2 e6 8.O-O Qb6
9.Na4 Qb5 10.Nc3 Qb6 11.Na4 Qb5 12.Nc3 Qa6 13.Na4 1/2-1/2

[Event "European Seniors Teams Ch."]
[Site "Olympus"]
[Date "2011.05.06"]
[Round "4"]
[Board "3"]
[White "Havansi, Erkki E T"]
[Black "Raicevic, Momcilo"]
[Result "0-1"]
[WhiteElo "2248"]
[BlackElo "2364"]
[PlyCount "94"]
[EventDate "2011.05.03"]
[EventType "team"]
[EventRounds "9"]
[EventCountry "GRE"]
[WhiteTeam "Finland 1"]
[BlackTeam "Montenegro"]

1.c4 e5 2.Nf3 Nc6 3.d4 e4 4.Nfd2 f5 5.e3 Nf6 6.Nc3 Bb4 7.Qc2 O-O 8.Be2 d6 9.a3
Bxc3 10.Qxc3 a5 11.b3 Ne7 12.Bb2 d5 13.c5 Be6 14.h3 c6 15.b4 axb4 16.axb4 Rxa1+
17.Bxa1 Qc7 18.g3 g5 19.h4 h6 20.hxg5 hxg5 21.Nf1 Ng6 22.Bb2 Kf7 23.Qa3 f4
24.gxf4 gxf4 25.Bh5 Nxh5 26.Rxh5 Kg7 27.Bc1 f3 28.Bd2 Qd8 29.Bc3 Nh4 30.Qa5 Qe7
31.Ng3 Ng6 32.Rh1 Bg4 33.Kd2 Nh4 34.Qa7 Ng6 35.Rh2 Rf7 36.Rh1 Qg5 37.Qb8 Qe7
38.Qa7 Qc7 39.Rb1 Nf4 40.b5 Nd3 41.bxc6 bxc6 42.Qxc7 Rxc7 43.Nxe4 dxe4 44.Rg1
Nxf2 45.Ke1 Nd3+ 46.Kf1 Rb7 47.Rxg4+ Kf7 0-1

[Event "European Seniors Teams Ch."]
[Site "Olympus"]
[Date "2011.05.06"]
[Round "4"]
[Board "4"]
[White "Dragasevic, Srdja"]
[Black "Kanko, Ilkka"]
[Result "1/2-1/2"]
[WhiteElo "2266"]
[BlackElo "2231"]
[PlyCount "57"]
[EventDate "2011.05.03"]
[EventType "team"]
[EventRounds "9"]
[EventCountry "GRE"]
[WhiteTeam "Montenegro"]
[BlackTeam "Finland 1"]

1.d4 Nf6 2.Bg5 d5 3.Nd2 Nbd7 4.e3 h6 5.Bh4 e6 6.f4 Be7 7.Bd3 b6 8.Bxf6 Nxf6
9.Nh3 Bb7 10.Nf2 a6 11.O-O O-O 12.Qf3 c5 13.c3 Ne8 14.Qh3 Nd6 15.g4 f5 16.Nf3
Ne4 17.Ne5 Qe8 18.gxf5 exf5 19.Be2 Bd6 20.Nxe4 dxe4 21.Kf2 cxd4 22.cxd4 Bxe5
23.dxe5 Rc8 24.Rg1 Qe6 25.Rad1 Rfd8 26.Qh5 Kh7 27.Rxd8 Rxd8 28.Rd1 Rxd1 29.Bxd1 1/2-1/2

[Event "European Seniors Teams Ch."]
[Site "Olympus"]
[Date "2011.05.06"]
[Round "4"]
[Board "2"]
[White "Simon Padros, Emili"]
[Black "Birnboim, Nathan"]
[Result "0-1"]
[WhiteElo "2281"]
[BlackElo "2362"]
[PlyCount "58"]
[EventDate "2011.05.03"]
[EventType "team"]
[EventRounds "9"]
[EventCountry "GRE"]
[WhiteTeam "Catalonia"]
[BlackTeam "Israel 1"]

1.e4 e6 2.d4 d5 3.e5 b6 4.Nf3 Qd7 5.c3 Ne7 6.a4 a5 7.Na3 Ba6 8.Bxa6 Nxa6 9.O-O
h6 10.Bd2 c5 11.Nb5 Nc8 12.dxc5 Nxc5 13.Qe2 Nb3 14.Rad1 Na7 15.c4 Nxb5 16.axb5
d4 17.Bf4 Rd8 18.Nd2 Nc5 19.Qf3 Qb7 20.Rfe1 Qxf3 21.Nxf3 Nb3 22.Re4 Bb4 23.Bd2
Be7 24.Be1 O-O 25.Nd2 Nc5 26.Re2 d3 27.Re3 Bg5 28.Rf3 Rd4 29.Nb1 d2 0-1

[Event "European Seniors Teams Ch."]
[Site "Olympus"]
[Date "2011.05.06"]
[Round "4"]
[Board "3"]
[White "Maryasin, Boris"]
[Black "Buxade Roca, Guillermo"]
[Result "1/2-1/2"]
[WhiteElo "2323"]
[BlackElo "2173"]
[PlyCount "58"]
[EventDate "2011.05.03"]
[EventType "team"]
[EventRounds "9"]
[EventCountry "GRE"]
[WhiteTeam "Israel 1"]
[BlackTeam "Catalonia"]

1.e4 c5 2.Nf3 Nc6 3.d4 cxd4 4.Nxd4 Nf6 5.Nc3 e5 6.Ndb5 d6 7.Bg5 a6 8.Na3 b5
9.Bxf6 gxf6 10.Nd5 Bg7 11.g3 O-O 12.Bg2 Ne7 13.O-O Rb8 14.Nxe7+ Qxe7 15.c4 f5
16.cxb5 fxe4 17.Bxe4 axb5 18.Nc2 f5 19.Bd5+ Kh8 20.Nb4 Bd7 21.Rc1 Rbc8 22.Qd2 e4
23.Rxc8 Rxc8 24.Rc1 Rc5 25.Na6 Rxc1+ 26.Qxc1 Qe5 27.Nb4 Qd4 28.a3 Bh6 29.Qxh6
Qd1+ 1/2-1/2

[Event "European Seniors Teams Ch."]
[Site "Olympus"]
[Date "2011.05.06"]
[Round "4"]
[Board "4"]
[White "Lluverol Torrents, Salvador"]
[Black "Kraidman, Yair"]
[Result "0-1"]
[WhiteElo "2025"]
[BlackElo "2260"]
[PlyCount "74"]
[EventDate "2011.05.03"]
[EventType "team"]
[EventRounds "9"]
[EventCountry "GRE"]
[WhiteTeam "Catalonia"]
[BlackTeam "Israel 1"]

1.d4 d5 2.c4 c6 3.Nf3 Nf6 4.Nc3 g6 5.e3 Bg7 6.Bd3 Bg4 7.h3 Bxf3 8.Qxf3 O-O 9.O-O
e6 10.Qe2 Nbd7 11.Rd1 Re8 12.cxd5 exd5 13.Qc2 Nf8 14.b4 a6 15.a4 Ne6 16.Ba3 Bf8
17.Qb3 Nc7 18.b5 Bxa3 19.Rxa3 Qd6 20.bxc6 bxc6 21.Raa1 Ne6 22.Ne2 a5 23.Rab1
Reb8 24.Qc3 Rb4 25.Rbc1 Rc8 26.Qa3 Nd7 27.Qa2 Nb6 28.Nc3 f5 29.Qa3 Qf8 30.Qa2 f4
31.Rf1 Qh6 32.Qe2 Rf8 33.Na2 f3 34.gxf3 Qxh3 35.f4 Rxd4 36.Rxc6 Rdxf4 37.exf4
Nxf4 0-1

[Event "European Seniors Teams Ch."]
[Site "Olympus"]
[Date "2011.05.06"]
[Round "4"]
[Board "1"]
[White "Vucenovic, Dragomir"]
[Black "Malmdin, Nils-Ake"]
[Result "0-1"]
[WhiteElo "2249"]
[BlackElo "2278"]
[PlyCount "96"]
[EventDate "2011.05.03"]
[EventType "team"]
[EventRounds "9"]
[EventCountry "GRE"]
[WhiteTeam "Switzerland"]
[BlackTeam "Sweden 1"]

1.d4 Nf6 2.Nf3 g6 3.g3 Bg7 4.Bg2 O-O 5.O-O d6 6.c4 Nc6 7.Nc3 a6 8.d5 Na5 9.b3 c5
10.Bb2 Rb8 11.Nd2 b5 12.Qc2 Bd7 13.h3 bxc4 14.bxc4 e5 15.Rab1 Nh5 16.e3 f5
17.Ne2 Nf6 18.Bc3 Qc7 19.Kh2 h6 20.Rb2 Rxb2 21.Qxb2 Nb7 22.Rb1 Bc8 23.Qb6 Qe7
24.Qxa6 h5 25.Qb6 Bh6 26.Qb2 h4 27.gxh4 Nh5 28.Nf3 f4 29.e4 Nd8 30.Ba5 Nf7
31.Qb6 Nf6 32.Qc7 Qxc7 33.Bxc7 Nxe4 34.Nxe5 Nd2 35.Nxg6 Nxb1 36.Nxf8 Kxf8 37.Be4
Na3 38.Bg6 Nxc4 39.Nc3 Nfe5 40.h5 Nxg6 41.hxg6 Ke7 42.a4 Kd7 43.Bb8 Bb7 44.Ne4
Bg7 45.h4 Bxd5 46.Bxd6 Bxe4 47.Bxc5 Bxg6 48.Kg2 Bh5 0-1

[Event "European Seniors Teams Ch."]
[Site "Olympus"]
[Date "2011.05.06"]
[Round "4"]
[Board "2"]
[White "Petersson, Gosta"]
[Black "Bhend, Edwin"]
[Result "1/2-1/2"]
[WhiteElo "2113"]
[BlackElo "2257"]
[PlyCount "42"]
[EventDate "2011.05.03"]
[EventType "team"]
[EventRounds "9"]
[EventCountry "GRE"]
[WhiteTeam "Sweden 1"]
[BlackTeam "Switzerland"]

1.g3 g6 2.Bg2 Bg7 3.c4 d6 4.Nc3 f5 5.e3 Nf6 6.Nge2 O-O 7.O-O c6 8.d4 e5 9.b3 Na6
10.Bb2 e4 11.a3 Nc7 12.Nf4 Qe8 13.Nh3 h6 14.f3 d5 15.Nf2 Be6 16.c5 g5 17.b4 Bd7
18.f4 gxf4 19.gxf4 Kh7 20.Kh1 Rg8 21.Bh3 Qf7 1/2-1/2

[Event "European Seniors Teams Ch."]
[Site "Olympus"]
[Date "2011.05.06"]
[Round "4"]
[Board "3"]
[White "Hohler, Peter"]
[Black "Svensson, Soren"]
[Result "1-0"]
[WhiteElo "2157"]
[BlackElo "2109"]
[PlyCount "129"]
[EventDate "2011.05.03"]
[EventType "team"]
[EventRounds "9"]
[EventCountry "GRE"]
[WhiteTeam "Switzerland"]
[BlackTeam "Sweden 1"]

1.d4 Nf6 2.c4 e6 3.Nc3 d5 4.cxd5 exd5 5.Bg5 Be7 6.e3 Nbd7 7.Bd3 O-O 8.Qc2 Re8
9.Nf3 c6 10.h3 Nf8 11.Bf4 Ng6 12.Bh2 Bd6 13.Bxd6 Qxd6 14.O-O-O Be6 15.g4 Rac8
16.Kb1 c5 17.dxc5 Rxc5 18.Qd2 Rec8 19.Rc1 Qc7 20.Nb5 Qb6 21.Rxc5 Rxc5 22.Nc3 Qc7
23.Rc1 a6 24.Ne2 Rxc1+ 25.Qxc1 Qxc1+ 26.Kxc1 Ne4 27.Bxe4 dxe4 28.Nd2 f5 29.Nd4
Bd7 30.Nxf5 Ne5 31.Nxe4 Kf8 32.Kc2 h5 33.Nfd6 hxg4 34.hxg4 Nxg4 35.Nxb7 Bf5
36.Nbd6 Nxf2 37.Nxf5 Nxe4 38.Kd3 Nf2+ 39.Kd4 Kf7 40.b4 g6 41.Ng3 Ke6 42.Ne4 Nd1
43.Nc5+ Kd6 44.Nxa6 Nb2 45.Nc5 g5 46.Ne4+ Kc6 47.Nxg5 Kb5 48.Kc3 Nd1+ 49.Kb3
Nxe3 50.a4+ Kb6 51.Ne4 Ka6 52.Nd2 Nf5 53.Kc4 Ne3+ 54.Kc5 Nc2 55.Nc4 Kb7 56.b5
Ne1 57.a5 Nd3+ 58.Kd4 Nb4 59.Ne5 Nc2+ 60.Kc5 Na1 61.a6+ Ka8 62.b6 Nb3+ 63.Kd6
Na5 64.Kc7 Nc4 65.b7+ 1-0

[Event "European Seniors Teams Ch."]
[Site "Olympus"]
[Date "2011.05.06"]
[Round "4"]
[Board "4"]
[White "Sandklef, Ake"]
[Black "Illi, Hans-Joerg"]
[Result "1/2-1/2"]
[WhiteElo "2017"]
[BlackElo "2141"]
[PlyCount "50"]
[EventDate "2011.05.03"]
[EventType "team"]
[EventRounds "9"]
[EventCountry "GRE"]
[WhiteTeam "Sweden 1"]
[BlackTeam "Switzerland"]

1.d4 Nf6 2.c4 e6 3.Nf3 Bb4+ 4.Bd2 Qe7 5.Nc3 O-O 6.e3 d6 7.Qb3 a5 8.a3 Bxc3
9.Bxc3 a4 10.Qc2 Nc6 11.Be2 e5 12.dxe5 dxe5 13.h3 Re8 14.O-O g6 15.b4 axb3
16.Qxb3 Ne4 17.Bb4 Nc5 18.Qb2 b6 19.Rfd1 h5 20.Ne1 Bf5 21.Bf3 h4 22.Be2 Na4
23.Qb3 Nc5 24.Qb2 Na4 25.Qb3 Nc5 1/2-1/2

[Event "European Seniors Teams Ch."]
[Site "Olympus"]
[Date "2011.05.06"]
[Round "4"]
[Board "1"]
[White "Stimpson, Philip M"]
[Black "Pritchett, Craig W"]
[Result "0-1"]
[WhiteElo "2095"]
[BlackElo "2327"]
[PlyCount "84"]
[EventDate "2011.05.03"]
[EventType "team"]
[EventRounds "9"]
[EventCountry "GRE"]
[WhiteTeam "England 3"]
[BlackTeam "Scotland"]

1.e4 c5 2.Nc3 e6 3.Nf3 a6 4.g3 b5 5.Bg2 Bb7 6.d3 d6 7.O-O Nd7 8.h3 Qc7 9.Qe2 Be7
10.Nh2 Ngf6 11.f4 O-O 12.Be3 d5 13.e5 d4 14.exf6 Nxf6 15.Bd2 dxc3 16.Bxc3 Bxg2
17.Qxg2 Nd5 18.Be5 Qb6 19.Qe4 c4+ 20.Bd4 Bc5 21.Bxc5 Qxc5+ 22.d4 Qb4 23.Rab1 c3
24.b3 Rad8 25.Nf3 Rd6 26.Rbd1 Rfd8 27.Rfe1 h6 28.Ne5 Ne7 29.a3 Qxa3 30.Qb7 Rxd4
31.Rxd4 Qc5 32.Kg2 Rxd4 33.Qa8+ Qc8 34.Qa7 Qd8 35.Nd3 Nf5 36.Kh2 Qd5 37.Qxa6 Qf3
38.Rg1 Re4 39.Qa8+ Kh7 40.Rg2 Ne3 41.Ne1 Nf1+ 42.Kg1 Qe3+ 0-1

[Event "European Seniors Teams Ch."]
[Site "Olympus"]
[Date "2011.05.06"]
[Round "4"]
[Board "3"]
[White "Edwards, Ray B"]
[Black "White, Alastair F"]
[Result "0-1"]
[WhiteElo "2017"]
[BlackElo "2102"]
[PlyCount "38"]
[EventDate "2011.05.03"]
[EventType "team"]
[EventRounds "9"]
[EventCountry "GRE"]
[WhiteTeam "England 3"]
[BlackTeam "Scotland"]

1.d4 Nf6 2.c4 e6 3.Nc3 Bb4 4.Bg5 h6 5.Bh4 c5 6.d5 e5 7.e3 d6 8.Qc2 Bxc3+ 9.bxc3
g5 10.Bg3 e4 11.O-O-O Qe7 12.Kb1 Bf5 13.f4 Nbd7 14.h4 Nh5 15.Qf2 g4 16.Ne2 Nb6
17.Nc1 Na4 18.Qc2 Nxg3 19.Qxa4+ Bd7 0-1

[Event "European Seniors Teams Ch."]
[Site "Olympus"]
[Date "2011.05.06"]
[Round "4"]
[Board "4"]
[White "Mckerracher, Douglas"]
[Black "Wood, Peter C"]
[Result "1-0"]
[WhiteElo "1945"]
[BlackElo "1879"]
[PlyCount "85"]
[EventDate "2011.05.03"]
[EventType "team"]
[EventRounds "9"]
[EventCountry "GRE"]
[WhiteTeam "Scotland"]
[BlackTeam "England 3"]

1.e4 e6 2.d3 d5 3.Nd2 Nf6 4.Ngf3 dxe4 5.dxe4 Bc5 6.Bd3 Nc6 7.O-O e5 8.Nc4 Qe7
9.c3 O-O 10.b4 Bd6 11.a4 b6 12.Re1 a5 13.b5 Nb8 14.Nxd6 cxd6 15.Ba3 Nbd7 16.Bc4
Nc5 17.Bxc5 dxc5 18.Bd5 Ra7 19.c4 Kh8 20.Qd3 Nh5 21.Qc3 f6 22.Rad1 Nf4 23.Rd2
Ne6 24.h3 Nd4 25.Kh2 f5 26.exf5 Rxf5 27.Qe3 Nxf3+ 28.Bxf3 Qh4 29.Bg4 Rf8 30.Bxc8
Rxc8 31.Qxe5 Qxc4 32.Rd5 h6 33.Qe6 Rg8 34.Re4 Qc2 35.Rde5 Raa8 36.Qxb6 Qxf2
37.Qxc5 Qxc5 38.Rxc5 Rgc8 39.Rce5 Rab8 40.Re7 Ra8 41.b6 Rcb8 42.b7 Ra7 43.Re8+ 1-0

[Event "European Seniors Teams Ch."]
[Site "Olympus"]
[Date "2011.05.06"]
[Round "4"]
[Board "1"]
[White "Skalkotas, Nikolaos"]
[Black "Danner, Georg"]
[Result "1/2-1/2"]
[WhiteElo "2183"]
[BlackElo "2416"]
[PlyCount "46"]
[EventDate "2011.05.03"]
[EventType "team"]
[EventRounds "9"]
[EventCountry "GRE"]
[WhiteTeam "Greece"]
[BlackTeam "Austria"]

1.c4 e6 2.g3 c5 3.Nf3 Nc6 4.Bg2 Nf6 5.O-O Qb6 6.e3 d5 7.b3 d4 8.Ba3 e5 9.Nxe5
Nxe5 10.exd4 cxd4 11.Re1 Bxa3 12.Nxa3 Nfd7 13.f4 d3+ 14.Kh1 f6 15.c5 Qe6 16.fxe5
Nxe5 17.Nc4 O-O 18.Rc1 Ng4 19.Qf3 Qf5 20.Qxf5 Bxf5 21.Nd6 Bg6 22.Bd5+ Kh8
23.Bxb7 Rab8 {75 moves} 1/2-1/2